00773nam a2200205 a 4500001000900000005001700009008004100026040001800067050002500085100003300110245010300143260007800246300003700324440005200361500002100413504003100434650002600465650004300491740003300534BRCA_40220190320203008.0710125s1968 ctua---##b---#000-0#eng-# aDLCcDLCdDLC 4aNK4320.S7b.G64 19681 aGoggin, John Mannd1916-196310aSpanish Majolica in the New WorldbTypes of the Sixteenth to Eighteenth CenturiescJohn M. Goggin. aNew Haven, ConnecticutbYale University, Department of Anthropologyc1968 axix, 240 p.bil. a colorc25 cm. 0aYale University Publications in Antropologyn72 aIncluye glosario aBibliografía: p. 230-24014aMayólicazAmérica14aCerámicaySiglo XVI-XVIIIzAmérica0 aMayólica en el Nuevo Mundo